000 00384cam a22001217a 4500
008 180718b1977 xxu||||| |||| 00| 0 eng d
082 _aT39x54 In2i
245 _aImport trade control: policy and procedures
_cby Indian Investment Centre
260 _aDelhi
_bIndian Investment Centre
_c1977
300 _a133p.
650 _aForeign commerce - India
700 _aIndian Investment Centre
999 _c476862
_d476862